| 000 | 00542nam a22002057a 4500 | ||
|---|---|---|---|
| 005 | 20151216063246.0 | ||
| 008 | 090617s2011 nyua b 001 0 eng | ||
| 020 | _a9780073373928 | ||
| 020 | _a0073373923 | ||
| 041 | 0 | _aeng | |
| 080 | _a615.82 | ||
| 100 | 1 | _aWright, Kyle C. | |
| 245 | 1 | 0 |
_aStructural balancing : _cKyle C. Wright. |
| 260 |
_aNew York : _bMcGraw-Hill, _c2011. |
||
| 300 |
_a385 f. : _bme il.; _c29 cm. |
||
| 505 | 0 | _aIndex: f. 379 - 385 | |
| 650 | 0 | _aMasazha | |
| 650 | 0 | _aTerapia | |
| 942 |
_2udc _cBK |
||
| 999 |
_c772 _d772 |
||